[Event "POLFINAL MISTRZOSTW POLSKI JUNIOROW 2019 - C11"]
[Site "Ustron"]
[Date "1899-12-30"]
[Round "7.19"]
[White "Wawrukiewicz, Szymon"]
[Black "Lapczynski, Jacek"]
[Result "1-0"]
[WhiteTitle "II"]
[BlackTitle "II"]
[WhiteElo "1143"]
[BlackElo "1124"]

1. e4 c5 2. Nf3 Nc6 3. d4 cxd4 4. Nxd4 e5 5. Nxc6 bxc6 6. Nc3 Bb4 7. Bd2 Nf6 8.
Bd3 O-O 9. O-O d5 10. exd5 cxd5 11. f3 Rb8 12. b3 Qa5 13. Nb1 Qb6+ 14. Kh1 Bd7
15. Qe2 Bc5 16. Bc3 d4 17. Bd2 Rfe8 18. Bg5 Rbc8 19. Nd2 Nd5 20. Nc4 Qc7 21. Qe4
Nf6 22. Bxf6 gxf6 23. Qxh7+ Kf8 24. Rfe1 Be6 25. Qh4 Ke7 26. Qf2 Rh8 27. Re4 Qb8
28. Rh4 Rxh4 29. Qxh4 Rh8 30. Qg3 Bxc4 31. Bxc4 Bd6 32. Qg7 Qe8 33. h3 Rg8 34.
Qh6 Rh8 35. Qd2 Qc8 36. Re1 Bc5 37. f4 Qc6 38. Qd3 Kd6 39. fxe5+ fxe5 40. Bxf7
Rh6 41. Qg3 Kd7 42. Qd3 Qf6 43. Rf1 Qc6 44. Qf5+ Kc7 45. Qxe5+ Kb6 46. Qd5 Qc8
47. Qf5 Qh8 48. Re1 Kb5 49. Qd3+ Kb4 50. Qc4+ Ka3 51. Qxc5+ Kb2 52. Kh2 Qb8+ 53.
Qe5 Qxe5+ 54. Rxe5 Rd6 55. Rd5 Rxd5 56. Bxd5 Kxc2 57. Be4+ d3 58. Bxd3+ Kxd3 59.
Kg3 Ke4 60. Kg4 Ke5 61. Kg5 Kd5 1-0

[Event "POLFINAL MISTRZOSTW POLSKI JUNIOROW 2019 - C11"]
[Site "Ustron"]
[Date "1899-12-30"]
[Round "7.21"]
[White "Makuch, Tomasz"]
[Black "Nagly, Krzysztof"]
[Result "1-0"]
[WhiteTitle "II+"]
[BlackTitle "III"]
[WhiteElo "1167"]
[BlackElo "1071"]

1. e4 e5 2. Nf3 Nc6 3. d4 exd4 4. Nxd4 Bc5 5. Nxc6 Qf6 6. Qf3 bxc6 7. Nc3 Bb4 8.
Bd2 Qxf3 9. gxf3 d6 10. O-O-O Be6 11. Rg1 g6 12. a3 Bc5 13. Be3 Bb6 14. Ba6 Rb8
15. Ne2 Ne7 16. h4 d5 17. Nd4 O-O 18. h5 Bd7 19. Nb3 Rbd8 20. Nc5 Be6 21. hxg6
hxg6 22. Bd4 Rfe8 23. Rh1 Kf8 24. Bb7 Bxc5 25. Rh8+ Ng8 26. Bxc5+ Kg7 27. Rdh1
Nf6 28. R8h4 Bd7 29. Bd4 Re6 30. Rh7+ Kf8 31. Bc5+ Kg8 32. Rh8+ Kg7 33. Rxd8 dxe4
34. Bd4 e3 35. fxe3 Be8 36. Bc8 Re7 37. e4 a5 38. Bxf6+ Kxf6 39. Rh8 Re5 40. Rdxe8
a4 41. Rxe5 Kxe5 42. Kd2 f5 43. Ke3 f4+ 44. Kd3 g5 45. Rh6 g4 46. Re6# 1-0

[Event "POLFINAL MISTRZOSTW POLSKI JUNIOROW 2019 - C11"]
[Site "Ustron"]
[Date "1899-12-30"]
[Round "8.1"]
[White "Duda, Szymon"]
[Black "Grzebieniowski, Michal"]
[Result "1/2-1/2"]
[WhiteTitle "II+"]
[BlackTitle "II"]
[WhiteElo "1469"]
[BlackElo "1332"]

1. e4 c6 2. Nf3 d5 3. exd5 cxd5 4. Ne5 Nd7 5. d4 Ngf6 6. c3 e6 7. Bd3 Bd6 8. f4
O-O 9. O-O Qc7 10. Be3 Rb8 11. Qe2 Ne4 12. c4 b6 13. Nd2 Bb7 14. Rac1 Nxd2 15.
Qxd2 Qd8 16. Nxd7 Qxd7 17. f5 f6 18. Bf4 e5 19. Be3 e4 20. Be2 Rbc8 21. Bf4 dxc4
22. Bxc4+ Rxc4 23. Rxc4 Ba6 24. Qc3 Bxc4 25. Qxc4+ Rf7 26. Bxd6 Qxd6 27. Qc8+
Qf8 28. Qxf8+ Kxf8 29. Re1 Re7 30. Kf2 g6 31. g4 h5 32. h3 hxg4 33. hxg4 gxf5
34. gxf5 Rh7 35. Ke3 Rh4 36. d5 Ke7 37. Kd4 e3+ 38. Kxe3 Kd6 39. Ke4 Ke5+ 1/2-1/2

[Event "POLFINAL MISTRZOSTW POLSKI JUNIOROW 2019 - C11"]
[Site "Ustron"]
[Date "1899-12-30"]
[Round "8.2"]
[White "Jaszczuk, Piotr"]
[Black "Przybylski, Jan"]
[Result "0-1"]
[WhiteTitle "II"]
[BlackTitle "II"]
[WhiteElo "1267"]
[BlackElo "1286"]

1. e4 c5 2. Nf3 e6 3. d4 cxd4 4. Nxd4 Nf6 5. Nc3 d6 6. Bd3 a6 7. O-O Nbd7 8. Nb3
Qc7 9. f4 b5 10. a3 Bb7 11. Qe1 Nc5 12. Nxc5 dxc5 13. e5 Nd7 14. Be3 Be7 15. Rd1
O-O-O 16. Qf2 h6 17. Be4 g5 18. fxg5 Nxe5 19. Bf4 hxg5 20. Bg3 Bxe4 21. Nxe4 f5
22. Bxe5 Qxe5 23. Rxd8+ Rxd8 24. Nc3 Bd6 25. g3 Qd4 26. Re1 Be5 27. Kg2 Qxf2+
28. Kxf2 Bxc3 29. bxc3 Kd7 30. Ke3 Ke7 31. Rf1 Kf6 32. g4 f4+ 33. Ke2 e5 34. Ke1
Rh8 35. Rh1 Rh3 36. Kd2 e4 37. Kc1 Ke5 38. Kd2 e3+ 39. Kd3 c4+ 40. Ke2 Ke4 41.
Ke1 Kf3 42. Kf1 e2+ 43. Ke1 Ke3 44. a4 f3 45. axb5 f2# 0-1

[Event "POLFINAL MISTRZOSTW POLSKI JUNIOROW 2019 - C11"]
[Site "Ustron"]
[Date "1899-12-30"]
[Round "8.3"]
[White "Brozynski, Patryk"]
[Black "Fil, Grzegorz"]
[Result "1/2-1/2"]
[WhiteTitle "IV"]
[BlackTitle "II"]
[WhiteElo "1665"]
[BlackElo "1188"]

1. e4 c5 2. Nf3 Nc6 3. d4 cxd4 4. Nxd4 e5 5. Nb5 d6 6. c4 a6 7. N5c3 Nf6 8. Be2
Be7 9. Na3 O-O 10. Nc2 Be6 11. Nd5 Nxe4 12. Bd3 Nf6 13. Qf3 Nxd5 14. cxd5 Qa5+
15. Bd2 Qxd5 16. Be4 Qb5 17. Bd3 Qb6 18. g4 Nd4 19. Qh3 Nxc2+ 20. Bxc2 g6 21.
Bc3 h5 22. Qg2 Bxg4 23. h3 Be6 24. Bxg6 Kh8 25. Bd3 Rg8 26. Qf3 Kg7 27. Rg1+ Kf8
28. Rxg8+ Kxg8 29. Qxh5 Bf6 30. Ke2 Kf8 31. Rg1 Ke7 32. Rg3 Rh8 33. Qf3 Bxa2 34.
Rg4 Be6 35. Rb4 Qd8 36. Rxb7+ Ke8 37. Bxa6 Rxh3 38. Qc6+ Kf8 39. Bb4 Be7 40. Qg2
Rh8 41. f4 exf4 42. Bc3 Rg8 43. Qh1 f3+ 44. Kd3 Bf6 45. Qh6+ Bg7 46. Bxg7+ Rxg7
47. Qh8+ Rg8 48. Qh6+ Rg7 49. Qf4 Rh7 50. b4 Bd5 51. Rb5 Bc6 1/2-1/2

[Event "POLFINAL MISTRZOSTW POLSKI JUNIOROW 2019 - C11"]
[Site "Ustron"]
[Date "1899-12-30"]
[Round "8.4"]
[White "Karwot, Marek"]
[Black "Olszewski, Antoni"]
[Result "1/2-1/2"]
[WhiteTitle "II"]
[BlackTitle "II"]
[WhiteElo "1166"]
[BlackElo "1292"]

1. e4 e5 2. Nf3 Nc6 3. Bb5 a6 4. Bxc6 dxc6 5. O-O Bd6 6. Na3 Be6 7. d4 exd4 8.
Qxd4 f6 9. Qc3 Ne7 10. Be3 Ng6 11. Nc4 Bxc4 12. Qxc4 Qe7 13. c3 Qf7 14. Qxf7+
Kxf7 15. Nd2 Rhe8 16. Rfe1 Rad8 17. f3 Nf4 18. Nc4 Ng6 19. Rad1 Ne5 20. Nxe5+
Rxe5 21. b3 Re7 22. Rd2 Red7 23. Red1 Ke8 24. Kf2 h6 25. g3 Re7 26. c4 Red7 27.
Ke2 c5 28. f4 b6 29. Kf3 Re7 30. Bf2 Kf7 31. Rd5 Rde8 32. Re1 a5 33. a4 Re6 1/2-1/2

[Event "POLFINAL MISTRZOSTW POLSKI JUNIOROW 2019 - C11"]
[Site "Ustron"]
[Date "1899-12-30"]
[Round "8.5"]
[White "Banaczyk, Piotr"]
[Black "Jozwik, Michal"]
[Result "0-1"]
[WhiteTitle "II"]
[BlackTitle "II"]
[WhiteElo "1183"]
[BlackElo "1404"]

1. e4 c5 2. d4 cxd4 3. c3 g6 4. cxd4 d5 5. exd5 Nf6 6. Nc3 Nxd5 7. Bc4 Nxc3 8.
bxc3 Bg7 9. Nf3 O-O 10. O-O Qc7 11. Qb3 Nc6 12. Bxf7+ Rxf7 13. Ng5 e6 14. Nxf7
Qxf7 15. f4 b6 16. Bb2 Na5 17. Qc2 Ba6 18. Qe4 Bb7 19. Qe2 Bd5 20. Rf2 Nc4 21.
Rc1 Rc8 22. Ba1 Nd6 23. Qe3 Qf5 24. Rfc2 Nc4 25. Qf2 Bh6 26. Rf1 Ne3 27. Qxe3
Qxc2 28. Qh3 Bg7 29. Re1 Qxa2 30. Qg4 Rf8 31. h4 Qd2 32. Rf1 Bc4 33. Rd1 Qxf4
0-1

[Event "POLFINAL MISTRZOSTW POLSKI JUNIOROW 2019 - C11"]
[Site "Ustron"]
[Date "1899-12-30"]
[Round "8.6"]
[White "Wandor, Adam"]
[Black "Glaz, Michal"]
[Result "1-0"]
[WhiteTitle "II"]
[BlackTitle "II"]
[WhiteElo "1241"]
[BlackElo "1177"]

1. c4 e5 2. Nc3 Nc6 3. Nf3 f5 4. d3 Nf6 5. g3 d6 6. Bg2 g6 7. O-O Bg7 8. e4 fxe4
9. dxe4 O-O 10. Re1 Be6 11. b3 Nd7 12. Ng5 Qf6 13. Nxe6 Qxe6 14. Qd5 Qxd5 15.
Nxd5 Nd4 16. Nxc7 Nc2 17. Nxa8 Nxe1 18. Nc7 Nc5 19. Bh1 Nf3+ 20. Bxf3 Rxf3 21.
Be3 Nxe4 22. Bxa7 Nc3 23. Ne8 e4 24. Nxg7 Kxg7 25. Bd4+ Kg8 26. Bxc3 Rxc3 27.
Re1 Rc2 28. Rxe4 Rxa2 29. Re7 Ra7 30. Kg2 Kh8 31. Kf3 Kg8 32. b4 Ra3+ 33. Kg4
Ra2 34. Rxb7 Rxf2 35. h4 Rc2 36. Rc7 d5 37. b5 Rb2 38. cxd5 Rxb5 39. d6 Rd5 40.
d7 Kf8 41. Rc8+ Ke7 42. d8=Q+ Rxd8 43. Rxd8 Kxd8 44. Kg5 Ke7 45. Kh6 Kf6 46. g4
Kf7 47. Kxh7 Kf6 48. Kh6 Kf7 49. g5 Kf8 50. Kxg6 Kg8 51. h5 Kh8 52. Kf7 Kh7 53.
g6+ Kh6 54. g7 Kxh5 55. g8=Q Kh4 56. Qg2 Kh5 57. Qg3 Kh6 58. Qg6# 1-0

[Event "POLFINAL MISTRZOSTW POLSKI JUNIOROW 2019 - C11"]
[Site "Ustron"]
[Date "1899-12-30"]
[Round "8.7"]
[White "Dietrich, Pawel"]
[Black "Stanik, Szymon"]
[Result "0-1"]
[WhiteTitle "II"]
[BlackTitle "II"]
[WhiteElo "1214"]
[BlackElo "1187"]

1. e4 c5 2. Nf3 e6 3. d4 cxd4 4. Nxd4 a6 5. Nc3 Qc7 6. Bd3 Bb4 7. Bd2 Nf6 8. O-O
Bxc3 9. Bxc3 d6 10. Kh1 Nbd7 11. f4 Nc5 12. Nb3 Nxb3 13. axb3 e5 14. fxe5 dxe5
15. Ra5 O-O 16. Rxe5 Ng4 17. Rg5 Qxh2# 0-1

[Event "POLFINAL MISTRZOSTW POLSKI JUNIOROW 2019 - C11"]
[Site "Ustron"]
[Date "1899-12-30"]
[Round "8.8"]
[White "Cichon, Aleksander"]
[Black "Stepinski, Piotr"]
[Result "1/2-1/2"]
[WhiteTitle "II"]
[BlackTitle "II"]
[WhiteElo "1207"]
[BlackElo "1135"]

1. e4 d5 2. exd5 Qxd5 3. Nc3 Qd6 4. d4 Nf6 5. Nf3 Bg4 6. Nb5 Qb6 7. Qe2 a6 8. Nc3
Nc6 9. d5 Nd4 10. Qd1 Nxf3+ 11. gxf3 Bf5 12. Be3 Qd6 13. Bc4 O-O-O 14. Qd2 Qb4
15. Bb3 e6 16. O-O-O exd5 17. Nxd5 Nxd5 18. Bxd5 Qxd2+ 19. Rxd2 Be7 20. Rhd1 Bg6
21. Bb3 Bf6 22. c3 Rxd2 23. Rxd2 Rd8 24. Rxd8+ Kxd8 25. Kd2 Kd7 26. Bf4 b5 27.
a4 c5 28. axb5 axb5 29. Bc2 Bxc2 30. Kxc2 Kc6 31. Kd3 Kd5 32. h3 Be5 33. Bxe5
Kxe5 34. Ke3 Kd5 35. b3 g5 36. Ke4+ 1/2-1/2

[Event "POLFINAL MISTRZOSTW POLSKI JUNIOROW 2019 - C11"]
[Site "Ustron"]
[Date "1899-12-30"]
[Round "8.9"]
[White "Niemczyk, Krzysztof"]
[Black "Stachowiak, Bruno"]
[Result "1-0"]
[WhiteTitle "II"]
[BlackTitle "II"]
[WhiteElo "1227"]
[BlackElo "1295"]

1. e4 e5 2. Nf3 Nc6 3. d4 exd4 4. Nxd4 Bc5 5. Be3 Qf6 6. Nb5 Bxe3 7. fxe3 Qd8 8.
Qg4 g6 9. Qf4 d6 10. Bc4 Qe7 11. O-O Ne5 12. N1c3 c6 13. Bxf7+ Kd8 14. Nxd6 Kc7
15. Rad1 Bg4 16. Rd4 Rd8 17. Ndb5+ cxb5 18. Nd5+ Rxd5 19. Rxd5 Kb6 20. Qxe5 Qxe5
21. Rxe5 Nh6 22. h3 Nxf7 23. Rxf7 Bd1 24. c3 Be2 25. Ree7 Bc4 26. Rxb7+ Kc6 27.
Rxa7 Bxf7 28. Rxf7 Kd6 29. Kf2 Ke6 30. Rb7 Rf8+ 31. Ke2 Ke5 32. Rxb5+ Kxe4 33.
Rb4+ Kd5 34. Rb7 h5 35. Rb6 Rg8 36. b3 g5 37. c4+ Ke5 38. a4 g4 39. Rb5+ Kd6 40.
Rxh5 gxh3 41. gxh3 Rg2+ 42. Kf3 Rb2 43. Rb5 Rb1 44. h4 Rh1 45. h5 Kc6 46. b4 Rf1+
47. Ke4 Rf8 48. a5 Re8+ 49. Kd4 Rd8+ 50. Rd5 Rb8 51. b5+ Kc7 52. a6 Kb6 53. Rd6+
Ka5 54. a7 Ra8 55. Ra6+ 1-0

[Event "POLFINAL MISTRZOSTW POLSKI JUNIOROW 2019 - C11"]
[Site "Ustron"]
[Date "1899-12-30"]
[Round "8.10"]
[White "Wolak, Maciej"]
[Black "Wilgosz, Szczepan"]
[Result "1/2-1/2"]
[WhiteTitle "II"]
[BlackTitle "II"]
[WhiteElo "1213"]
[BlackElo "1268"]

1. e4 e5 2. Nf3 Nc6 3. Bc4 Nf6 4. d3 Bc5 5. O-O d6 6. c3 a5 7. Bb3 h6 8. Nbd2 g5
9. Nc4 g4 10. Ne1 Be6 11. Ne3 h5 12. Bxe6 fxe6 13. N1c2 Rg8 14. d4 Ba7 15. d5
exd5 16. exd5 Ne7 17. c4 h4 18. b3 Qd7 19. f3 g3 20. h3 Nh5 21. Kh1 O-O-O 22.
Ng4 Nf5 23. Nce3 Nxe3 24. Nxe3 Nf6 25. b4 axb4 26. a4 e4 27. f4 Nh5 28. Qxh5 b3
29. Qe2 Bd4 30. Bb2 Bc5 31. Qd2 b6 32. a5 b5 33. Bd4 bxc4 34. Bxc5 dxc5 35. a6
Qb5 36. Qa5 Qxa5 37. Rxa5 c6 38. Rxc5 b2 39. Rxc4 Kd7 40. Rb1 cxd5 41. Nxd5 Kd6
42. Ne3 Ra8 43. Rxb2 Rxa6 44. Rb1 Ra3 45. Rd1+ Ke6 46. Rxe4+ Kf7 47. Rd7+ Kf6
48. Rc4 Rxe3 1/2-1/2

[Event "POLFINAL MISTRZOSTW POLSKI JUNIOROW 2019 - C11"]
[Site "Ustron"]
[Date "1899-12-30"]
[Round "8.11"]
[White "Nocek, Dominik"]
[Black "Wawrukiewicz, Szymon"]
[Result "1-0"]
[WhiteTitle "II"]
[BlackTitle "II"]
[WhiteElo "1317"]
[BlackElo "1143"]

1. e4 e5 2. Nf3 Nc6 3. Bb5 a6 4. Ba4 Nf6 5. d3 b5 6. Bb3 Be7 7. O-O O-O 8. a4 b4
9. a5 d6 10. Nbd2 Be6 11. Bxe6 fxe6 12. Re1 h6 13. Nb3 Qd7 14. d4 exd4 15. Nbxd4
e5 16. Nf5 Rab8 17. N3h4 Nh7 18. Qg4 Bxh4 19. Nxh6+ Kh8 20. Qxd7 Bxf2+ 21. Kf1
Bxe1+ 1-0

[Event "POLFINAL MISTRZOSTW POLSKI JUNIOROW 2019 - C11"]
[Site "Ustron"]
[Date "1899-12-30"]
[Round "8.12"]
[White "Skowron, Dawid"]
[Black "Owierczuk, Szymon"]
[Result "1-0"]
[WhiteTitle "II"]
[BlackTitle "II"]
[WhiteElo "1278"]
[BlackElo "1086"]

1. e4 c5 2. Nf3 d6 3. d4 cxd4 4. Nxd4 Nf6 5. Nc3 a6 6. Bc4 e6 7. O-O Be7 8. Re1
Qc7 9. Bb3 b5 10. Nf3 Nbd7 11. Bf4 b4 12. Na4 Bb7 13. e5 dxe5 14. Nxe5 Nxe5 15.
Bxe5 Qc6 16. f3 O-O 17. Kh1 Rfd8 18. Qe2 Rd7 19. Rad1 Rad8 20. c3 a5 21. Qc2 bxc3
22. Nxc3 Rc8 23. Rxd7 Qxd7 24. Rd1 Qe8 25. Ba4 Bc6 26. Bxc6 Qxc6 27. Qe2 Nd7 28.
Bg3 Bf6 29. Rd6 Qb7 30. Qd2 Nb6 31. b3 h6 32. Ne4 Nd5 33. Nxf6+ Nxf6 34. Rd8+
Rxd8 35. Qxd8+ Kh7 36. Qxa5 Qc6 37. Qd2 Nd5 38. Kg1 Qb5 39. Be1 Qc5+ 40. Qf2 Qb5
41. g3 Qd3 42. b4 Qb5 43. Qc2+ 1-0

[Event "POLFINAL MISTRZOSTW POLSKI JUNIOROW 2019 - C11"]
[Site "Ustron"]
[Date "1899-12-30"]
[Round "8.13"]
[White "Krzastek, Adrian"]
[Black "Gradzki, Artur"]
[Result "1/2-1/2"]
[WhiteTitle "II"]
[BlackTitle "II"]
[WhiteElo "1181"]
[BlackElo "1189"]

1. e4 e5 2. Nf3 Nc6 3. Bb5 a6 4. Ba4 Nf6 5. d3 b5 6. Bb3 Be7 7. O-O d6 8. h3 Na5
9. Bd2 Nxb3 10. axb3 O-O 11. Nc3 c5 12. Re1 Bb7 13. Qe2 Qc7 14. Ra2 Nd7 15. Rea1
Nb6 16. Ra5 f5 17. exf5 Rxf5 18. Ne4 Raf8 19. Re1 Nd5 20. Ng3 Nf4 21. Bxf4 Rxf4
22. Rea1 Bxf3 23. gxf3 Qb7 24. Rxa6 Qxf3 25. Qxf3 Rxf3 26. Rf1 Bh4 27. Nh1 R8f6
28. Kg2 R3f5 29. Ra8+ Kf7 30. Ra7+ Kg6 31. Raa1 Kh6 32. Ng3 Bxg3 33. fxg3 Rxf1
34. Rxf1 Rxf1 35. Kxf1 Kg5 36. Kf2 Kf5 37. Kf3 d5 38. g4+ Kg5 39. Kg3 e4 40. h4+
Kf6 41. dxe4 Ke5 42. exd5 Kxd5 43. Kf4 Kd4 44. h5 Kd5 45. c3 c4 46. b4 Ke6 47.
g5 h6 48. gxh6 gxh6 49. Ke4 Ke5+ 1/2-1/2

[Event "POLFINAL MISTRZOSTW POLSKI JUNIOROW 2019 - C11"]
[Site "Ustron"]
[Date "1899-12-30"]
[Round "8.14"]
[White "Marekwica, Dawid"]
[Black "Kowalski, Witold"]
[Result "0-1"]
[WhiteTitle "III"]
[BlackTitle "II"]
[WhiteElo "1129"]
[BlackElo "1187"]

1. e4 c5 2. Nf3 d6 3. c3 Nf6 4. h3 Nc6 5. Bb5 Bd7 6. d3 g6 7. Be3 Bg7 8. Qd2 a6
9. Ba4 b5 10. Bb3 O-O 11. Bh6 Rc8 12. Bxg7 Kxg7 13. c4 b4 14. Ba4 e6 15. b3 Re8
16. O-O Ne7 17. Bxd7 Qxd7 18. a3 a5 19. a4 Nc6 20. Qb2 Qe7 21. d4 cxd4 22. Nxd4
Kg8 23. Nxc6 Rxc6 24. f3 d5 25. exd5 exd5 26. cxd5 Nxd5 27. Nd2 Nc3 28. Rfe1 Qxe1+
29. Rxe1 Rxe1+ 30. Nf1 Rd6 31. Qf2 Rdd1 32. Kh2 Rxf1 33. Qe3 Rfe1 34. Qg5 Rd5
35. Qg3 Re2 36. Qc7 Rdd2 37. Kh1 h6 38. Qxa5 Rxg2 39. Qxb4 Rge2 40. Qxc3 Re1#
0-1

[Event "POLFINAL MISTRZOSTW POLSKI JUNIOROW 2019 - C11"]
[Site "Ustron"]
[Date "1899-12-30"]
[Round "8.15"]
[White "Kowalczyk, Jakub"]
[Black "Janicki, Tomasz"]
[Result "1-0"]
[WhiteTitle "II"]
[BlackTitle "II"]
[WhiteElo "1132"]
[BlackElo "1129"]

1. e4 c5 2. Nf3 Nc6 3. d4 cxd4 4. Nxd4 Nf6 5. Nxc6 bxc6 6. Bd3 e5 7. O-O Be7 8.
Nc3 O-O 9. h3 Bb7 10. Re1 Bc5 11. Be3 Bxe3 12. Rxe3 Re8 13. Re1 a6 14. Qd2 Qc7
15. b3 Rad8 16. Ne2 d5 17. exd5 cxd5 18. Ng3 e4 19. Bf1 Rd7 20. Rac1 Rc8 21. Nf5
Qc3 22. Qxc3 Rxc3 23. Re3 Rdc7 24. Rxc3 Rxc3 25. Nd6 Bc6 26. Bxa6 d4 27. Nc4 Nd5
28. Rd1 e3 29. fxe3 dxe3 30. Ne5 Ba8 31. Bc4 f6 32. Bxd5+ Bxd5 33. Rxd5 fxe5 34.
Rxe5 Rxc2 35. Rxe3 Rxa2 36. b4 Rb2 37. Re4 Kf7 38. Kh2 Kf6 39. Kg3 Rb3+ 40. Kg4
Rb2 41. g3 Rb3 42. h4 h5+ 43. Kf4 g6 44. g4 hxg4 45. Kxg4 Rb1 46. Kf4 Rh1 47.
Kf3 Rf1+ 48. Ke2 Rb1 49. Kd3 Kf5 50. Rc4 Rh1 51. Rc5+ Kf6 52. Rc4 Rh3+ 53. Kc2
Rh2+ 54. Kb3 Rg2 55. Ka4 g5 56. hxg5+ Rxg5 57. b5 Rg8 58. b6 Ke5 59. Kb5 Kd5 60.
b7 Kd6 61. Rc8 Rxc8 62. bxc8=Q Ke7 63. Kc6 Kf7 64. Kd6 Kf6 65. Qe6+ Kg5 66. Qf7
Kh4 67. Qg6 Kh3 68. Qg5 Kh2 69. Qg4 Kh1 70. Ke5 Kh2 71. Kf4 Kh1 72. Kf3 1-0

[Event "POLFINAL MISTRZOSTW POLSKI JUNIOROW 2019 - C11"]
[Site "Ustron"]
[Date "1899-12-30"]
[Round "8.16"]
[White "Rudas, Borys"]
[Black "Macura, Mateusz"]
[Result "0-1"]
[WhiteTitle "II"]
[BlackTitle "II"]
[WhiteElo "1150"]
[BlackElo "1249"]

1. e4 d5 2. exd5 Nf6 3. d4 Bg4 4. Bb5+ c6 5. dxc6 Nxc6 6. Ne2 Bxe2 7. Qxe2 Qxd4
8. O-O O-O-O 9. Bxc6 bxc6 10. Nc3 Qb6 11. Be3 Qb7 12. Qc4 e6 13. Qa4 Kb8 14. b4
a6 15. Rab1 Nd5 16. Nxd5 Rxd5 17. c4 Rh5 18. Bf4+ Kc8 19. Rfc1 Rf5 20. Bg3 Be7
21. b5 axb5 22. cxb5 c5 23. Qa6 Rd8 24. Qc6+ Qxc6 25. bxc6 Bd6 26. a4 Bxg3 27.
hxg3 Kc7 28. a5 Kxc6 29. Rb6+ Kc7 30. Rcb1 Ra8 31. a6 Ra7 32. R1b5 c4 33. Rb4
c3 34. Rb7+ Rxb7 35. axb7 Kb8 36. Rc4 Kxb7 37. Rxc3 Kb6 38. f3 Rc5 39. Rd3 Kc7
40. Kf2 Rd5 41. Ra3 Rd2+ 42. Kg1 Rd7 43. Ra4 Kd6 44. Rh4 h6 45. Rg4 g5 46. Rd4+
Ke7 47. Ra4 f5 48. Kh2 Kf6 49. g4 f4 50. Ra3 Rd6 51. Kh3 e5 52. g3 Re6 53. Ra4
Kg6 54. Re4 fxg3 55. Kxg3 h5 56. gxh5+ Kxh5 57. Rg4 Kg6 58. Re4 Kf5 59. Rg4 Rd6
60. Re4 Rd4 61. Re3 g4 62. fxg4+ Rxg4+ 63. Kf2 Rf4+ 64. Rf3 Ke4 65. Rxf4+ Kxf4
66. Ke2 Ke4 67. Kf2 Kd3 68. Ke1 Ke3 0-1

[Event "POLFINAL MISTRZOSTW POLSKI JUNIOROW 2019 - C11"]
[Site "Ustron"]
[Date "1899-12-30"]
[Round "8.17"]
[White "Trusewicz, Jakub"]
[Black "Mieszkowski, Adam"]
[Result "0-1"]
[WhiteTitle "II"]
[BlackTitle "II"]
[WhiteElo "1172"]
[BlackElo "1126"]

1. e4 e5 2. Nf3 Nc6 3. d4 exd4 4. Nxd4 Bc5 5. Nxc6 Qf6 6. Qf3 bxc6 7. Bc4 d6 8.
Nc3 Bd4 9. Bd2 h6 10. O-O-O Qxf3 11. gxf3 Bxf2 12. Ne2 Nf6 13. Bd3 Nh5 14. f4
Bh3 15. f5 Bg2 16. Rhg1 Bxg1 17. Rxg1 Bh3 18. Ng3 Bg4 19. Nxh5 Bxh5 20. Rxg7 Kf8
21. Rg1 Ke7 22. f6+ Kd7 23. b3 Rhg8 24. Re1 Rae8 25. c4 Bf3 26. Re3 Bg2 27. Bc3
Kc8 28. b4 Kb7 29. a4 Rg4 30. h3 Rf4 31. Bd2 Bxe4 32. Re2 Rxf6 33. Bxe4 Rfe6 0-1

[Event "POLFINAL MISTRZOSTW POLSKI JUNIOROW 2019 - C11"]
[Site "Ustron"]
[Date "1899-12-30"]
[Round "8.19"]
[White "Katny, Tymoteusz"]
[Black "Sawicki, Dorian"]
[Result "1/2-1/2"]
[WhiteTitle "III"]
[BlackTitle "II"]
[WhiteElo "1027"]
[BlackElo "1142"]

1. e4 c5 2. Nf3 Nc6 3. Nc3 e6 4. Bc4 Qc7 5. O-O a6 6. a3 Nf6 7. d3 b5 8. Ba2 Bd6
9. g3 Ne5 10. Nxe5 Bxe5 11. Qf3 Bb7 12. Qd1 O-O 13. Ne2 Bd6 14. Nf4 e5 15. Nh5
Nxh5 16. Qxh5 c4 17. Qg4 Kh8 18. h4 Be7 19. h5 Bc8 20. h6 g6 21. Bg5 d5 22. Qh4
f6 23. Bd2 f5 24. Bg5 Bxg5 25. Qxg5 fxe4 26. dxe4 d4 27. b3 Be6 28. b4 Qd6 29.
f4 Bh3 30. Rf2 exf4 1/2-1/2

[Event "POLFINAL MISTRZOSTW POLSKI JUNIOROW 2019 - C11"]
[Site "Ustron"]
[Date "1899-12-30"]
[Round "8.20"]
[White "Uhryn, Mateusz"]
[Black "Iracki, Piotr"]
[Result "1-0"]
[WhiteTitle "II+"]
[BlackTitle "III"]
[WhiteElo "1362"]
[BlackElo "1136"]

1. e4 c5 2. Nf3 Nc6 3. c3 d6 4. d4 cxd4 5. cxd4 Nf6 6. Nc3 g6 7. Bb5 Bd7 8. O-O
a6 9. Bxc6 Bxc6 10. Re1 Bg7 11. Qb3 Qc7 12. Bg5 O-O 13. Rac1 e6 14. d5 exd5 15.
exd5 Bd7 16. Ne4 Qd8 17. Nxd6 b5 18. Ne4 h6 19. Nxf6+ Bxf6 20. Bxh6 Re8 21. Rxe8+
Bxe8 22. Bf4 Rc8 23. Rd1 a5 24. Be5 Bxe5 25. Nxe5 a4 26. Qd3 f5 27. d6 Qf6 28.
d7 Bxd7 29. Nxd7 Qxb2 30. Qb1 Qa3 31. h3 Rc7 32. Qxb5 Rc1 33. Qd5+ Kh8 34. Qe5+
Kg8 35. Nf6+ Kf7 36. Rxc1 Qxc1+ 37. Kh2 Qg5 38. Ne4 Qh4 39. Nd6+ Kf8 40. Qe8+
Kg7 41. Qf7+ Kh6 42. Qc4 Qxf2 43. Qxa4 f4 44. Qb3 Kh5 45. Qf3+ Qxf3 46. gxf3 g5
47. a4 g4 48. hxg4+ Kg5 49. a5 Kf6 50. a6 Ke5 51. a7 Kd4 52. a8=Q Ke3 53. Qe4+
Kf2 54. Qxf4 Kf1 55. Qg3 Ke2 56. f4 Kf1 57. Qd3+ Kf2 58. Ne4+ 1-0

[Event "POLFINAL MISTRZOSTW POLSKI JUNIOROW 2019 - C11"]
[Site "Ustron"]
[Date "1899-12-30"]
[Round "9.1"]
[White "Jozwik, Michal"]
[Black "Duda, Szymon"]
[Result "1/2-1/2"]
[WhiteTitle "II"]
[BlackTitle "II+"]
[WhiteElo "1404"]
[BlackElo "1469"]

1. e4 e5 2. Nf3 Nc6 3. Bc4 Bc5 4. c3 Nf6 5. d4 exd4 6. cxd4 Bb4+ 7. Bd2 Bxd2+ 8.
Nbxd2 d5 9. exd5 Nxd5 10. O-O O-O 11. Rc1 Bg4 12. h3 Bh5 13. Bxd5 Qxd5 14. Qa4
Qd6 15. Rc5 Bxf3 16. Nxf3 Rfd8 17. Rfc1 Rd7 18. Qb5 Nd8 19. Rxc7 Re7 20. Rxe7
Qxe7 21. Re1 Ne6 22. d5 Nc7 23. Qxb7 Qd8 24. Rd1 Qc8 25. Qxc8+ Rxc8 26. d6 Ne6
27. d7 Rd8 28. Ne5 Nf8 29. Nc6 Rxd7 30. Rxd7 Nxd7 31. Nxa7 Ne5 32. b4 Kf8 33.
Kf1 Ke7 34. Ke2 Kd6 35. Nb5+ Kd5 36. Na3 Nc6 37. Nc2 Kc4 38. a3 Kc3 39. b5 Na5
40. Ne3 Kb3 41. b6 Nb7 42. Kd3 Kxa3 43. Kc4 Ka4 44. Nd5 Ka5 45. g4 Ka6 46. f4
Ka5 47. g5 g6 48. Kd4 Kb5 49. Ke5 Kc6 50. Nf6 Kxb6 51. Nxh7 Kc7 52. Kf6 Nd6 53.
Nf8 Kd8 54. Nxg6 fxg6 55. Kxg6 Ke7 56. Kh7 Ke6 57. g6 Kf5 58. g7 Ne8 59. h4 Kxf4
60. Kg6 Nxg7 1/2-1/2

[Event "POLFINAL MISTRZOSTW POLSKI JUNIOROW 2019 - C11"]
[Site "Ustron"]
[Date "1899-12-30"]
[Round "9.2"]
[White "Przybylski, Jan"]
[Black "Brozynski, Patryk"]
[Result "1/2-1/2"]
[WhiteTitle "II"]
[BlackTitle "IV"]
[WhiteElo "1286"]
[BlackElo "1665"]

1. e4 c5 2. Nf3 e6 3. d4 cxd4 4. Nxd4 Nc6 5. Nxc6 bxc6 6. Bd3 Qc7 7. Nd2 d5 8.
Qe2 Bd6 9. b3 Be5 10. Rb1 Nf6 11. h3 O-O 12. O-O c5 13. Nf3 Bc3 14. e5 Nd7 15.
Bxh7+ Kh8 16. Ng5 Qxe5 17. Qh5 Nf6 18. Qh4 Qd4 19. g4 Bb7 20. Be3 Qb4 21. Bg6+
Kg8 22. Bh7+ Kh8 23. Bd3+ Kg8 24. Nh7 Rfc8 25. Bg5 Ne4 26. f3 Nxg5 27. Qxg5 Qd4+
28. Kh2 Qe5+ 29. Qxe5 Bxe5+ 30. f4 Bc3 31. Ng5 e5 32. fxe5 Bxe5+ 33. Kg1 Bf6 34.
Nxf7 Kxf7 35. g5 a5 36. gxf6 gxf6 37. Rf2 Ba6 38. Bxa6 Rxa6 39. Rd1 Rd8 40. Rfd2
d4 41. c3 a4 42. cxd4 axb3 1/2-1/2

[Event "POLFINAL MISTRZOSTW POLSKI JUNIOROW 2019 - C11"]
[Site "Ustron"]
[Date "1899-12-30"]
[Round "9.3"]
[White "Grzebieniowski, Michal"]
[Black "Karwot, Marek"]
[Result "1/2-1/2"]
[WhiteTitle "II"]
[BlackTitle "II"]
[WhiteElo "1332"]
[BlackElo "1166"]

1. d4 Nf6 2. c4 g6 3. Nf3 c6 4. g3 d5 5. Bg2 Bg7 6. O-O dxc4 7. Ne5 Ng4 8. f4 Nxe5
9. fxe5 O-O 10. e3 Nd7 11. Qc2 Nb6 12. Na3 Be6 13. Kh1 f6 14. exf6 exf6 15. Bd2
f5 16. Ba5 Qd7 17. Bxb6 axb6 18. Nxc4 Bxc4 19. Qxc4+ Kh8 20. Rad1 Rfe8 21. Qb3
b5 22. Rfe1 Rad8 23. Qc2 Qc7 24. Qb3 Qd7 25. Qc2 Qc7 26. a3 Qa5 27. Qb3 Bxd4 28.
Bf3 Bg7 29. Re2 Qa4 30. Rxd8 Rxd8 31. Qf7 Qd1+ 32. Kg2 Qd7 33. Qb3 Re8 34. Qc2
Re6 35. Qb3 Qe7 36. Qd3 b4 37. a4 Re5 38. b3 Rc5 39. e4 Re5 40. exf5 Rxe2+ 41.
Qxe2 Qxe2+ 1/2-1/2

[Event "POLFINAL MISTRZOSTW POLSKI JUNIOROW 2019 - C11"]
[Site "Ustron"]
[Date "1899-12-30"]
[Round "9.4"]
[White "Olszewski, Antoni"]
[Black "Wandor, Adam"]
[Result "1-0"]
[WhiteTitle "II"]
[BlackTitle "II"]
[WhiteElo "1292"]
[BlackElo "1241"]

1. e4 Nc6 2. Nf3 e5 3. Bb5 d6 4. d4 Bd7 5. dxe5 dxe5 6. Qe2 Bd6 7. O-O h6 8. Be3
a6 9. Bc4 Nf6 10. Nbd2 O-O 11. c3 Re8 12. Rfd1 Qe7 13. h3 Rad8 14. Bb3 Na5 15.
Bc2 c5 16. a3 Bb5 17. c4 Bd7 18. b4 Nc6 19. bxc5 Bxc5 20. Bxc5 Qxc5 21. Nb3 Qe7
22. c5 Be6 23. Rac1 Rxd1+ 24. Bxd1 Bxb3 25. Bxb3 Nd4 26. Nxd4 exd4 27. f3 Rc8
28. Qc4 Nd7 29. Qxd4 Rxc5 30. Rxc5 Qxc5 31. Qxc5 Nxc5 32. Bd5 Kf8 33. Kf2 f6 34.
Ke3 g5 35. Kd4 b6 36. Bc4 Ke7 37. Kd5 a5 38. Kc6 Nd7 39. Bb5 Ke6 40. Kc7 Ne5 41.
Kxb6 Kd6 42. Kxa5 Kc7 43. Kb4 h5 44. a4 g4 45. fxg4 hxg4 46. h4 Nf7 47. h5 Nh6
48. a5 Nf7 49. Kc5 Nd6 50. Bc6 1-0